00286cam a22000857a 4500008004000000100003500040245007100075260004500146300000900191180718b1958 xxu||||| |||| 00| 0 eng d aIndia. Rajya Sabha Secretariat aRajya Sabha debates, Vol. XX, Nos. 12-23 (25 Feb. - 14 March 1958) aNew DelhibRajya Sabha Secretariatc1958 av.p.